5HLuxD.jpg

KING HENRY VIII SENIOR AND PRIMARY SCHOOL LIBRARY OPAC

CURIOSU GEORGE,MUSEUM MYSTERY (Record no. 4884)

000 -LEADER
fixed length control field 00363nam a22001217a 4500
008 - FIXED-LENGTH DATA ELEMENTS--GENERAL INFORMATION
fixed length control field 250421b ||||| |||| 00| 0 eng d
020 ## - INTERNATIONAL STANDARD BOOK NUMBER
International Standard Book Number 9780544867079
082 ## - DEWEY DECIMAL CLASSIFICATION NUMBER
Classification number 813.6 MEI
100 ## - MAIN ENTRY--PERSONAL NAME
Personal name MEIER,ANNA
Relator term AUTHOR
245 ## - TITLE STATEMENT
Title CURIOSU GEORGE,MUSEUM MYSTERY
260 ## - PUBLICATION, DISTRIBUTION, ETC.
Place of publication, distribution, etc. 3 PARK AVENUE,19TH FLOOR,NEW YORK,NEW YORK 10016
Name of publisher, distributor, etc. HOUGHTON MIFFLIN HARCOURT
Date of publication, distribution, etc. 2017
942 ## - ADDED ENTRY ELEMENTS (KOHA)
Source of classification or shelving scheme
Holdings
Withdrawn status Lost status Source of classification or shelving scheme Damaged status Not for loan Collection code Permanent Location Current Location Shelving location Date acquired Full call number Barcode Date last seen Price effective from Koha item type Public note
          Fiction KH8 Primary School Library KH8 Primary School Library Fiction 2025-04-21 813.6 MEI KHPL000006738 2025-12-05 2025-04-21 Books - Fiction KH8 PRIMARY LIBRARY

Powered By KH8 IT Dept